| 000 | 00978nam a22003137a 4500 | ||
|---|---|---|---|
| 003 | CHAP | ||
| 005 | 20220817042303.0 | ||
| 008 | 971013s1981 r 00010 d | ||
| 010 | _a39661 | ||
| 011 | _a40633 | ||
| 035 | _a44759 | ||
| 040 | _cCHAP | ||
| 082 |
_a631.4 _bM6 |
||
| 100 | 0 | 0 |
_aMoore, Alan Walter _eed. _978055 |
| 245 | _aInformation systems for soil and related data | ||
| 260 |
_aWageningen : _bPudoc, _c1981 |
||
| 300 | _a161 p | ||
| 590 |
_aBATCH-UPD _b10 _c20130110 _lUCH01 _h1643 |
||
| 590 |
_aBATCH-UPD _b10 _c20130410 _lUCH01 _h1033 |
||
| 590 |
_aBATCH-UPD _b10 _c20130914 _lUCH01 _h1736 |
||
| 590 |
_aCONVERSION _b10 _c20130109 _lUCH01 _h1322 |
||
| 650 | 1 | 4 | _aProcesamiento automático de datos en suelos. |
| 650 | 1 | 4 |
_aSuelos _xSistemas de información. _9110482 |
| 700 | 0 |
_aCook, B.G. _927684 |
|
| 700 | 0 |
_aLynch, L. G. _969278 |
|
| 901 | _aBK | ||
| 942 | _cLIBRO | ||
| 949 |
_a631.4 M6 _bBC _cLIBRO _d33724000062758 _eLIBRO _h57198 _i44759 _mDirecto _si _t492.00 |
||
| 999 |
_c39661 _d39661 |
||